| 000 | 00667nam a2200217 a 4500 | ||
|---|---|---|---|
| 001 | BRCA_6883 | ||
| 005 | 20190320205628.0 | ||
| 008 | 111111s1914----gw-b######---#000-0#ger-# | ||
| 041 | _ager | ||
| 044 | _agw | ||
| 050 | 4 |
_aG1019 _b.P4715 1914 |
|
| 245 | 1 | 0 |
_aJustus Perthes´ Taschen-Atlas _cVollständing neu bearbeitet von Hermann Habenicht ; Mit geographisch-statistischen Notizen von Hugo Wichmann |
| 260 |
_aGotha, Alemania _bJustus Perthes _c1914 |
||
| 300 |
_a80 p. _bil. a color, 24 mapas _c18 cm |
||
| 500 | _aO78 | ||
| 650 | 1 | 4 |
_aAtlas _917145 |
| 700 | 1 |
_aHabenicht, Hermann _917146 |
|
| 700 | 1 |
_aWichmann, Hugo _917147 |
|
| 902 | _aGFM | ||
| 942 |
_2lcc _cB |
||
| 999 |
_c6565 _d6565 |
||